000 00504nam a2200181Ia 4500
008 210719s2002 xx 000 0 und d
041 _aeng
082 _a820.33 SHEE
100 _aSHELKE (Uddhav J)
245 _aEmbers Tr by Shanta Gokhale
260 _aChennai
_bMacmillan India Ltd.
_c2002
300 _av---228
_bPB
365 _b147
_cRs
650 _aIndian English Fiction
650 _aIndian English Literature
700 _aShanta Gokhale
906 _aby ; Embers ; Gokhale ; Shanta ; Tr
999 _c214907
_d214907